Quiz Star Wars #7 - Statistiques

Statistiques générales
  • Ce quiz a été pris 115 fois
  • Le résultat moyen est 9 sur 10
Statistiques - réponses
Question Réponse % Correct
Qui est le personnage principal du film "Le Réveil de la Force" ? Rey
98%
Quel personnage meurt lors d'une confrontation avec Kylo Ren ? Han Solo
95%
Quel est le nom de l’organisation maléfique qui a remplacé l’Empire ? Le Premier Ordre
93%
Quel est le lien familial entre Kylo Ren et Han Solo ? Kylo Ren est le fils de Han Solo
90%
Qui est le chef suprême du Premier Ordre ? Snoke
90%
Quel est le rôle de Finn au début du film ? Stormtrooper
86%
Où Rey trouve-t-elle Luke Skywalker à la fin du film ? Sur Ahch-To
83%
Quel sabre laser Rey utilise-t-elle pour la première fois ? Celui de Luke Skywalker
81%
Comment s'appelle l'arme destructrice du Premier Ordre dans ce film ? La Base Starkiller
81%
Quel est le nom du droïde qui contient la carte menant à Luke Skywalker ? BB-8
55%
Aucun quiz correspondant
Distribution des résultats
% des personnes avec chaque résultat
Percentile par nombre de réponses
Votre historique - résultats
Vous n’avez pas pris ce quiz